100 Hip Hop Songs from the 90s-2000's - Statistics

General Stats
  • This quiz has been taken 251 times
  • The average score is 2 of 100
Answer Stats
Hint Answer % Correct
2Pac/ Dr. Dre California Love
79%
Notorious B.I.G Juicy
58%
Makaveli Hail Mary
27%
Lil Wayne Lollipop
22%
Jay Z Hard Knock Life
15%
2Pac Keep ya head up
7%
2pac I get around
6%
Common The Light
5%
Scareface Smile
4%
T.I 24's
2%
T.I. Bring em out
2%
Jay-Z Can't Knock the Hustle
2%
Eminem Stan
2%
Wu Tang C.R.E.A.M
1%
50 Cent In Da Club
1%
Notorious B.I.G One More Chance
1%
Lil Wayne Tha block is hot
1%
Ice Cube Today was a good day
1%
Bone Thugs N' Harmony 1st of tha month
0%
Lil Herb 4 Minutes of Hell
0%
Twista Adrenaline Rush
0%
The lady of rage Afro Puffs
0%
Young Thug Again
0%
Digital Underground All around the world the same song
0%
Ghostface Killah All that I got is you
0%
Rick Ross Aston Martin Music
0%
Juvenile Back that thang up
0%
Foxy Brown Big Bad Mama
0%
Goodie Mobb Black Ice
0%
Fabolous Breathe
0%
Method Man Bring the pain
0%
Master P Burbons and Lacs
0%
Kanye West Cant tell me nothing
0%
MC Hammer Cant touch this
0%
Jim Jones Certified Gangstas
0%
Juelz Santana Clock Work
0%
MC Lyte Cold Rock a Party
0%
Drake Crew Love
0%
J Cole Crooked Smile
0%
Dip Set Crunk Muzik
0%
Lil Kim Crush on You
0%
Snoop Dogg Doggy Dog World
0%
Outkast Elevators
0%
Naughty By Nature Feel Me Flow
0%
Craig Mack Flava in ya ear
0%
Fugees Fu Gee La
0%
Da Brat Funkdafied
0%
Coolio Gangstas paradise
0%
Junior Mafia Get Money
0%
Snoop Dogg Gin and Juice
0%
Da Brat Give it to you
0%
Lil Wayne God Bless America
0%
The Game Hate it or love it
0%
Crucial Conflict Hay
0%
Dead Prez Hip Hop
0%
Naughty By Nature Hip Hop Hooray
0%
Missy Elliott Hot Boyz
0%
DMX How's it goin down
0%
Nas If I ruled the world
0%
Luniz I got 5 on it
0%
Cypress Hill Illusiones
0%
Dr. Dre Keep their heads ringin
0%
Gucci Mane Lemonade
0%
Dr. Dre Let Me Ride
0%
Salt N Peppa Lets talk about sex
0%
LL Cool J Mama Said Knock You Out
0%
Future March Madness
0%
Kanye West Mercy
0%
Geto Boys Mind playing tricks on me
0%
Nicki Minaj Moment for Life
0%
Heavy D Now that we found love
0%
Nas One Mic
0%
Naughty By Nature OPP
0%
2pac Pain
0%
Asap Rocky Peso
0%
Do or Die Po Pimp
0%
Salt N Peppa Push it
0%
Young Jeezy Put On
0%
Mobb Deep Quiet Storm
0%
Warren G Regulate
0%
Lil John Roll Call
0%
Mobb Deep Shook Ones Part II
0%
Salt N Peppa Shoop
0%
Three 6 Mafia Sippin on some syrup
0%
Jay Z Song Cry
0%
Ludacris Southern Hospitality
0%
Nicki Minaj Superbass
0%
Eminem Superman
0%
Kendrick Lamar Swimming Pools
0%
Talib Kweli The blast
0%
Drake The Motto
0%
Bone Thugs N' Harmony Thuggish Ruggish Bone
0%
Wu-Tang Triumph
0%
Queen Latifah U.N.I.T.Y
0%
Pastor Troy Vise Versa
0%
Lil Bibby Water
0%
Jermaine Dupri Welcome to Atlanta
0%
Busta Rhymes What's it gonna be
0%
The Roots You got me
0%
Fabolous Young'n
0%
No matching quizzes found
Score Distribution
Percent of People with Each Score
Percentile by Number Answered
Your Score History
You have not taken this quiz